000 00701nam a2200241 i 4500
001 C2-0066095
003 PPAK
005 20190630222114.0
008 970305s1991 nyua|||| ||||| | eng d
020 _a0671759663
040 _aPPAK
_beng
_cPPAK
_erda
082 0 4 _a633.001
_223
090 0 0 _a633.001
_bFLO
_dR
100 1 _aFlowerdew, Bob,
_eauthor
245 1 0 _aGood companions
_ba guide to gardening with plants that help each other
264 1 _aNew York :
_bSummit Books ,
_c1991
300 _a96 pages :
_bcolour illustrations ;
_c20 cm
336 _2rdacontent
_atext
337 _2rdamedia
_aunmediated
338 _2rdacarrier
_avolume
650 1 0 _aCompanion planting
942 _ddc
_cB
999 _c7339
_d7339